000
00311nam a22001337a 4500
020
_a
978-81-312-4035-9
082
_a
617.643,O15P
100
_a
PREMKUMAR ,SRIDHAR
245
_a
TEXT BOOK OF ORTHODONTICS
260
_a
NEW DELHI
_b
ELSEVIER
_c
2015
300
_a
757
650
_a
ORTHODONTICS
942
_2
ddc
_c
BK
_0
5
999
_c
9816
_d
9816